F1 2018 - All Podiums - Statistics

General Stats
  • This quiz has been taken 95 times
  • The average score is 7 of 7
Answer Stats
Answer Winner % Correct
Daniel Ricciardo
100%
Kimi Raikkonen
99%
Lewis Hamilton Austrlaia
99%
Max Verstappen
99%
Sebastian Vettel
99%
Valtteri Bottas
98%
Sergio Perez
90%
No matching quizzes found
Score Distribution
Percent of People with Each Score
Percentile by Number Answered
Your Score History
You have not taken this quiz